000 00375nam a22001457a 4500
003 OSt
008 150418b xxu||||| |||| 00| 0 eng d
100 1 _aMcCollum, Lee Charles
041 _aeng
050 0 0 _a22016932
245 1 0 _aHistory and rhymes of the lost battalion
260 _bChicago, Foley and company
300 _a0 pages
650 0 _aWorld War, 1914-1918--Poetry.
999 _c1257
_d1257